[Event "DVM U20w 2015"]
[Site "Osnabrück GER"]
[Date "2015.12.27"]
[Round "1"]
[White "Graf, Pia"]
[Black "Diederichs, Luise"]
[Result "0-1"]
[Termination "normal"]
[Board "1.1"]
[WhiteElo "1768"]
[BlackElo "1964"]
[WhiteTeam "USG Chemnitz"]
[BlackTeam "TuRa Harksheide Norderstedt"]
[PlyCount "81"]
[WhiteFideId "12917737"]
[BlackFideId "24692328"]
[EventCountry "GER"]
[EventRounds "7"]
[EventType "team-swiss"]
[EventDate "2015.12.26"]

1. e4 c5 2. c3 d5 3. exd5 Qxd5 4. d4 Nc6 5. Nf3 Bf5 6. Be3 cxd4 7. Nxd4 Nf6 8.
Nxf5 Qxf5 9. Bd3 Qd7 10. O-O O-O-O 11. Be2 Qxd1 12. Rxd1 Rxd1+ 13. Bxd1 Nd5 14.
Bd2 e6 15. b4 Bd6 16. Na3 Rd8 17. Nc4 Bc7 18. Bb3 Ne5 19. Rc1 Nxc4 20. Bxc4 Nb6
21. Bg5 Nxc4 22. Bxd8 Bxd8 23. Kf1 Kc7 24. Ke2 Kc6 25. Rd1 Bf6 26. Rd3 b5 27.
Rh3 h6 28. Kd3 Nb6 29. Kc2 Nd5 30. Rf3 a6 31. g3 e5 32. g4 e4 33. Rh3 Bxc3 34.
Rxc3+ Nxc3 35. Kxc3 Kd5 36. a3 g6 37. h4 f5 38. h5 gxh5 39. gxf5 h4 40. f6 Ke6
41. f7 0-1

[Event "DVM U20w 2015"]
[Site "Osnabrück GER"]
[Date "2015.12.27"]
[Round "1"]
[White "Polert, Annika"]
[Black "Kluge, Leyla"]
[Result "1-0"]
[Termination "normal"]
[Board "1.2"]
[WhiteElo "1887"]
[BlackElo "1604"]
[WhiteTeam "TuRa Harksheide Norderstedt"]
[BlackTeam "USG Chemnitz"]
[PlyCount "69"]
[WhiteFideId "24661597"]
[BlackFideId "12918172"]
[EventCountry "GER"]
[EventRounds "7"]
[EventType "team-swiss"]
[EventDate "2015.12.26"]

1. e4 c5 2. Nf3 Nc6 3. Bb5 g6 4. Bxc6 bxc6 5. d3 Bg7 6. O-O d6 7. Re1 Bg4 8. h3
Bxf3 9. Qxf3 Qb6 10. Nd2 Rd8 11. Nc4 Qa6 12. e5 d5 13. Nd2 Nh6 14. c3 O-O 15.
Nb3 c4 16. Nc5 Qb5 17. d4 Qb8 18. g4 Qc8 19. Qg3 f6 20. e6 f5 21. Qh4 f4 22.
Qxe7 Bf6 23. Qxa7 Rfe8 24. Bxf4 Nxg4 25. hxg4 Re7 26. Qa6 Bh4 27. Qxc8 Rxc8 28.
Kg2 Rce8 29. a4 Ra7 30. Bg3 Be7 31. Nd7 Ra5 32. f4 c5 33. f5 gxf5 34. gxf5 Bg5
35. f6 1-0

[Event "DVM U20w 2015"]
[Site "Osnabrück GER"]
[Date "2015.12.27"]
[Round "1"]
[White "Oltmanns, Bianca"]
[Black "Rosmait, Emily"]
[Result "0-1"]
[Termination "normal"]
[Board "1.3"]
[WhiteElo "1745"]
[BlackElo "1963"]
[WhiteTeam "USG Chemnitz"]
[BlackTeam "TuRa Harksheide Norderstedt"]
[PlyCount "110"]
[WhiteFideId "24698008"]
[BlackFideId "12937754"]
[EventCountry "GER"]
[EventRounds "7"]
[EventType "team-swiss"]
[EventDate "2015.12.26"]

1. e4 e5 2. Nf3 Nc6 3. Bb5 Nf6 4. O-O Nxe4 5. Re1 Nd6 6. Nxe5 Nxe5 7. Rxe5+ Be7
8. Bd3 O-O 9. Nc3 Bf6 10. Re3 g6 11. b3 b6 12. Ba3 c5 13. Qg4 Bb7 14. Rae1 Ne8
15. Bb5 Bd4 16. R3e2 Nf6 17. Qh3 a6 18. Bd3 d5 19. Nd1 Nh5 20. Qf3 Qd6 21. Bb2
Bxb2 22. Nxb2 Nf4 23. Re5 Ne6 24. c3 Bc6 25. Bc2 Rad8 26. Qh3 Kg7 27. Nd3 d4
28. f4 dxc3 29. dxc3 Rde8 30. Qg3 f6 31. Rh5 Nc7 32. Rh3 Bd7 33. Rh4 Bf5 34.
Rd1 Qe7 35. Re1 Qd6 36. Rd1 Qe7 37. Re1 Qf7 38. Bb1 Nd5 39. Nb2 Bxb1 40. Rxb1
Re3 41. Qg4 Nxc3 42. Nc4 Rd3 43. Ra1 b5 44. Nb2 Rd2 45. Nd1 Ne2+ 46. Kf1 Nd4
47. Rh3 Re8 48. Ne3 Qe6 49. Qxe6 Rxe6 50. Ke1 Re2+ 51. Kf1 R6xe3 52. Rxe3 Rxe3
53. Re1 Rxe1+ 54. Kxe1 Kf7 55. Kd2 Ke6 0-1

[Event "DVM U20w 2015"]
[Site "Osnabrück GER"]
[Date "2015.12.27"]
[Round "1"]
[White "Zimmermann, Jasmin"]
[Black "Wienhold, Nadine"]
[Result "1-0"]
[Termination "normal"]
[Board "1.4"]
[WhiteElo "1721"]
[BlackElo "1375"]
[WhiteTeam "TuRa Harksheide Norderstedt"]
[BlackTeam "USG Chemnitz"]
[PlyCount "115"]
[WhiteFideId "12900400"]
[BlackFideId "12964514"]
[EventCountry "GER"]
[EventRounds "7"]
[EventType "team-swiss"]
[EventDate "2015.12.26"]

1. e4 e5 2. Nf3 Nc6 3. Bb5 Nd4 4. Nxd4 exd4 5. O-O g6 6. Re1 Bg7 7. d3 c6 8.
Bc4 Ne7 9. Bf4 d6 10. Nd2 O-O 11. a4 d5 12. Ba2 Be6 13. e5 c5 14. Nf3 Qd7 15.
Qd2 Rfe8 16. Ng5 Nc6 17. Re2 Re7 18. Rae1 Rae8 19. h3 b6 20. Nf3 Bf5 21. Bg5
Re6 22. g4 Bxg4 23. hxg4 Nxe5 24. Nxe5 Rxe5 25. f3 Rxe2 26. Rxe2 Rxe2 27. Qxe2
Qe6 28. Qxe6 fxe6 29. Bf4 h6 30. Bb8 a6 31. Ba7 Be5 32. Bxb6 Bd6 33. a5 Kf7 34.
Bb3 Ke7 35. Ba4 h5 36. gxh5 gxh5 37. Bc6 h4 38. Kg2 Kf7 39. Bb7 Ke7 40. Bxa6
Kd7 41. Bb7 Bc7 42. Bxc7 Kxc7 43. a6 c4 44. Kh3 c3 45. b3 Kb6 46. Kxh4 Ka7 47.
Kg5 e5 48. Kf5 e4 49. fxe4 dxe4 50. Kxe4 Kb6 51. Kxd4 Kc7 52. Kc5 Kb8 53. d4
Kc7 54. d5 Kb8 55. d6 Ka7 56. d7 Kb8 57. d8=Q+ Ka7 58. Qa8# 1-0

[Event "DVM U20w 2015"]
[Site "Osnabrück GER"]
[Date "2015.12.27"]
[Round "1"]
[White "Klek, Hanna Marie"]
[Black "Hund, Sarah"]
[Result "1-0"]
[Termination "normal"]
[Board "2.1"]
[WhiteElo "2307"]
[BlackElo "1881"]
[WhiteTeam "SC Bechhofen 1923"]
[BlackTeam "SK Freiburg Zähringen 1887"]
[PlyCount "125"]
[WhiteFideId "24670057"]
[BlackFideId "12923338"]
[EventCountry "GER"]
[EventRounds "7"]
[EventType "team-swiss"]
[EventDate "2015.12.26"]

1. e4 e5 2. Nf3 Nc6 3. Bc4 Nf6 4. d3 Be7 5. O-O d6 6. a4 Bg4 7. c3 O-O 8. h3
Bh5 9. Re1 Nd7 10. Na3 Nc5 11. b4 Ne6 12. g4 Bg6 13. Nc2 Ng5 14. Nxg5 Bxg5 15.
Qf3 Bxc1 16. Raxc1 Qh4 17. Ne3 Kh8 18. Bd5 Nd8 19. a5 c6 20. Bb3 Ne6 21. Ng2
Qe7 22. h4 f6 23. Bxe6 Qxe6 24. Ne3 Rad8 25. c4 Qd7 26. Rc3 Bf7 27. Rec1 Be6
28. Qe2 g6 29. f3 f5 30. exf5 gxf5 31. g5 Qg7 32. f4 exf4 33. Ng2 Rde8 34. Qf2
h6 35. Qxf4 Rg8 36. d4 Bc8 37. Rd1 c5 38. Qxd6 cxb4 39. Rg3 Re4 40. Nf4 Qf8 41.
Qxf8 Rxf8 42. Ng6+ Kg8 43. Nxf8 Kxf8 44. gxh6 Rxh4 45. Rg7 Rxh6 46. Rc7 Rc6 47.
Rxc6 bxc6 48. Rb1 Ke7 49. Rxb4 Ba6 50. Kf2 Kd6 51. Ke3 c5 52. Ra4 f4+ 53. Kd3
cxd4 54. Kxd4 Bb7 55. Ra2 f3 56. Rh2 Kc6 57. Rh6+ Kc7 58. Rh7+ Kc6 59. Rf7 Bc8
60. Rxf3 Kb7 61. Rf6 Bh3 62. Kc5 Bg4 63. a6+ 1-0

[Event "DVM U20w 2015"]
[Site "Osnabrück GER"]
[Date "2015.12.27"]
[Round "1"]
[White "Denz, Annika"]
[Black "Alsheimer, Lea"]
[Result "0-1"]
[Termination "normal"]
[Board "2.2"]
[WhiteElo "1648"]
[BlackElo "1624"]
[WhiteTeam "SK Freiburg Zähringen 1887"]
[BlackTeam "SC Bechhofen 1923"]
[PlyCount "68"]
[WhiteFideId "12922935"]
[BlackFideId "12918180"]
[EventCountry "GER"]
[EventRounds "7"]
[EventType "team-swiss"]
[EventDate "2015.12.26"]

1. e4 d6 2. d4 Nf6 3. Nc3 g6 4. Bg5 Bg7 5. Nf3 Nbd7 6. Be2 O-O 7. Qd2 c5 8. Rd1
cxd4 9. Nxd4 Nc5 10. f3 Bd7 11. Bh6 Rc8 12. Nd5 Nxd5 13. exd5 Qb6 14. h4 f6 15.
g4 Qxb2 16. Qe3 Rce8 17. h5 Bxh6 18. Qxh6 g5 19. f4 Qc3+ 20. Kf1 Qe3 21. Rh2
Ne4 22. Rd3 Qxf4+ 23. Rf3 Qxh2 24. Bd3 Nd2+ 25. Ke1 Nxf3+ 26. Nxf3 Qg3+ 27. Ke2
Rf7 28. a3 Qxg4 29. Kf2 Bf5 30. Bb5 Rc8 31. c3 Rxc3 32. Nd2 Qf4+ 33. Ke1 Qe3+
34. Be2 Rc1# 0-1

[Event "DVM U20w 2015"]
[Site "Osnabrück GER"]
[Date "2015.12.27"]
[Round "1"]
[White "Böse, Carolin"]
[Black "Neisius, Laura Maria"]
[Result "1-0"]
[Termination "normal"]
[Board "2.3"]
[WhiteElo "1555"]
[BlackElo "1463"]
[WhiteTeam "SC Bechhofen 1923"]
[BlackTeam "SK Freiburg Zähringen 1887"]
[PlyCount "105"]
[WhiteFideId "12929646"]
[BlackFideId "12910040"]
[EventCountry "GER"]
[EventRounds "7"]
[EventType "team-swiss"]
[EventDate "2015.12.26"]

1. e4 d5 2. Nf3 Bg4 3. exd5 Qxd5 4. Nc3 Qa5 5. Bc4 e6 6. O-O c6 7. d4 Nf6 8. a3
Bd6 9. Re1 O-O 10. Bd2 Qc7 11. h3 Bh5 12. Ne4 Be7 13. Ng3 Bg6 14. Ne5 Qb6 15.
Nxg6 hxg6 16. Bc3 Nd5 17. Qg4 Nd7 18. Ne4 N7f6 19. Nxf6+ Bxf6 20. Bd3 Be7 21.
Rab1 Qc7 22. Bd2 Rad8 23. c3 c5 24. Be3 c4 25. Bc2 b5 26. g3 a5 27. Bg5 b4 28.
axb4 axb4 29. Bxe7 Qxe7 30. f4 Qd6 31. Qf3 f5 32. Re2 b3 33. Bd1 Ra8 34. Re5
Ra2 35. Be2 Qa6 36. Qf1 Rc8 37. g4 Kf7 38. g5 Ra4 39. h4 Ra2 40. h5 gxh5 41.
Bxh5+ g6 42. Be2 Nxc3 43. bxc3 b2 44. Bd1 Qa3 45. Re3 Ra1 46. Bc2 Rxb1 47. Qxb1
Ra8 48. Kf2 Rh8 49. Kg3 Rd8 50. Qf1 Rxd4 51. Qe1 Rd6 52. Qh1 Rc6 53. Qxc6 1-0

[Event "DVM U20w 2015"]
[Site "Osnabrück GER"]
[Date "2015.12.27"]
[Round "1"]
[White "Antusch, Isabella"]
[Black "Schäfer, Ann-Kathrin"]
[Result "0-1"]
[Termination "normal"]
[Board "2.4"]
[WhiteElo "1139"]
[BlackElo "1706"]
[WhiteTeam "SK Freiburg Zähringen 1887"]
[BlackTeam "SC Bechhofen 1923"]
[PlyCount "120"]
[WhiteFideId "12963941"]
[BlackFideId "24615412"]
[EventCountry "GER"]
[EventRounds "7"]
[EventType "team-swiss"]
[EventDate "2015.12.26"]

1. e4 e6 2. d4 d5 3. exd5 exd5 4. Bd3 Nc6 5. c3 Bd6 6. Ne2 Nge7 7. O-O Be6 8.
Bf4 Qd7 9. Nd2 O-O-O 10. Nf3 h6 11. Bg3 g5 12. Qd2 f5 13. Rfe1 f4 14. Nxf4 gxf4
15. Bxf4 Bxf4 16. Qxf4 Rdf8 17. Qd2 Bf5 18. b4 Bxd3 19. Qxd3 Rhg8 20. Re3 Qg4
21. Ne1 Nf5 22. Rf3 Nce7 23. Rc1 Ng6 24. g3 Ngh4 25. Kh1 Nxf3 26. Qxf3 Qxf3+
27. Nxf3 Re8 28. Rc2 Rg6 29. Kg2 Rge6 30. Ne5 Nd6 31. f4 R8e7 32. a4 Nf7 33. f5
Rf6 34. Nxf7 Rfxf7 35. Rf2 Re3 36. Rf3 Rxf3 37. Kxf3 Rxf5+ 38. Ke3 Kd7 39. g4
Rf1 40. h4 Rh1 41. h5 Ke6 42. Kf4 Kf6 43. a5 Rc1 44. g5+ hxg5+ 45. Kg4 Rxc3 46.
h6 Rc4 47. h7 Kg7 48. Kxg5 Kxh7 49. Kf5 Rxd4 50. Ke5 Rxb4 51. Kxd5 Rb5+ 52. Kc4
Rxa5 53. Kb4 b6 54. Kc4 Kg6 55. Kd4 Kf6 56. Kc4 Ke6 57. Kb4 Kd6 58. Kb3 Kc5 59.
Kc3 Ra3+ 60. Kb2 Rh3 0-1

[Event "DVM U20w 2015"]
[Site "Osnabrück GER"]
[Date "2015.12.27"]
[Round "1"]
[White "Weber, Sandra"]
[Black "Spangenberg, Romy"]
[Result "1/2-1/2"]
[Termination "normal"]
[Board "3.1"]
[WhiteElo "1873"]
[BlackElo "1859"]
[WhiteTeam "SV Stuttgart-Wolfbusch 1956"]
[BlackTeam "Chemnitzer SC Aufbau`95"]
[PlyCount "104"]
[WhiteFideId "1270049"]
[BlackFideId "4627997"]
[EventCountry "GER"]
[EventRounds "7"]
[EventType "team-swiss"]
[EventDate "2015.12.26"]

1. e4 c5 2. Nf3 Nc6 3. d4 cxd4 4. Nxd4 e6 5. Nc3 Nf6 6. Ndb5 d6 7. Bf4 e5 8.
Bg5 a6 9. Na3 b5 10. Bxf6 gxf6 11. Nd5 Bg7 12. c3 O-O 13. Nc2 f5 14. exf5 Bxf5
15. Nce3 Be6 16. a4 Rb8 17. axb5 axb5 18. Ra6 Bd7 19. Bd3 Re8 20. Qc2 h6 21.
O-O b4 22. cxb4 Nxb4 23. Nxb4 Rxb4 24. Nd5 Rb7 25. Rb1 Be6 26. Be4 Bxd5 27.
Bxd5 Rc7 28. Rc6 Rxc6 29. Qxc6 Re7 30. Ra1 Qc7 31. Qb5 Qc5 32. Qd3 Rc7 33. Ra8+
Rc8 34. Rxc8+ Qxc8 35. Qd2 Qa6 36. g3 Qb6 37. b3 Qc5 38. Qd3 Qc1+ 39. Kg2 Qc5
40. Qe4 Qd4 41. Qf3 Bf6 42. b4 Kg7 43. b5 Qc5 44. Bc6 Bd8 45. Qg4+ Kf8 46. Qc8
Qb6 47. Qd7 Qc7 48. Qf5 Qe7 49. h4 Bb6 50. Bd5 Kg7 51. Qg4+ Kf8 52. Qf5 Kg8
1/2-1/2

[Event "DVM U20w 2015"]
[Site "Osnabrück GER"]
[Date "2015.12.27"]
[Round "1"]
[White "Hartewig, Anja"]
[Black "Lederer, Leia"]
[Result "1/2-1/2"]
[Termination "normal"]
[Board "3.2"]
[WhiteElo "1761"]
[BlackElo "1565"]
[WhiteTeam "Chemnitzer SC Aufbau`95"]
[BlackTeam "SV Stuttgart-Wolfbusch 1956"]
[PlyCount "60"]
[WhiteFideId "12917966"]
[BlackFideId "12926353"]
[EventCountry "GER"]
[EventRounds "7"]
[EventType "team-swiss"]
[EventDate "2015.12.26"]

1. d4 Nf6 2. c4 c5 3. d5 b5 4. cxb5 a6 5. bxa6 g6 6. Nc3 Bxa6 7. Nf3 d6 8. g3
Bg7 9. Bg2 O-O 10. O-O Nbd7 11. Rb1 Qa5 12. Bg5 Rfb8 13. Re1 Bc4 14. a3 Nb6 15.
e4 Na4 16. Nxa4 Qxa4 17. Qxa4 Rxa4 18. b4 cxb4 19. Rxb4 Rbxb4 20. axb4 Rxb4 21.
Nd2 Bd3 22. Re3 Bb1 23. Ra3 h6 24. Ra8+ Kh7 25. Bxf6 Bxf6 26. Ra3 Bc2 27. Ra2
Bd3 28. Ra3 Bc2 29. Ra2 Bd3 30. Ra3 Bc2 1/2-1/2

[Event "DVM U20w 2015"]
[Site "Osnabrück GER"]
[Date "2015.12.27"]
[Round "1"]
[White "Kobald, Jacqueline"]
[Black "Nitzsche, Pia"]
[Result "1/2-1/2"]
[Termination "normal"]
[Board "3.3"]
[WhiteElo "1434"]
[BlackElo "1719"]
[WhiteTeam "SV Stuttgart-Wolfbusch 1956"]
[BlackTeam "Chemnitzer SC Aufbau`95"]
[PlyCount "75"]
[WhiteFideId "12988162"]
[BlackFideId "12900370"]
[EventCountry "GER"]
[EventRounds "7"]
[EventType "team-swiss"]
[EventDate "2015.12.26"]

1. e4 c5 2. Nf3 d6 3. d4 cxd4 4. Nxd4 Nf6 5. Nc3 g6 6. Be3 Bg7 7. f3 O-O 8. Qd2
Nc6 9. O-O-O d5 10. exd5 Nxd5 11. Nxc6 bxc6 12. Bd4 Nxc3 13. Qxc3 Bxd4 14. Rxd4
Qb6 15. h4 Be6 16. Bc4 c5 17. Rd2 Rab8 18. b3 Bxc4 19. Qxc4 Qa5 20. a4 Rb4 21.
Qd5 Qb6 22. h5 Qf6 23. Rdd1 c4 24. hxg6 hxg6 25. Qd4 e5 26. Qh4 Qg7 27. Rd8 Rb8
28. Rxf8+ Rxf8 29. Qxc4 e4 30. Kb1 exf3 31. gxf3 Qf6 32. Qd3 Rd8 33. Qe3 a6 34.
Re1 a5 35. Ka2 Qc6 36. Rc1 Rb8 37. Qe4 Qc3 38. Rb1 1/2-1/2

[Event "DVM U20w 2015"]
[Site "Osnabrück GER"]
[Date "2015.12.27"]
[Round "1"]
[White "Fischer, Franziska"]
[Black "Liu, Sijia Anna"]
[Result "1-0"]
[Termination "normal"]
[Board "3.4"]
[WhiteElo "1773"]
[BlackElo "1190"]
[WhiteTeam "Chemnitzer SC Aufbau`95"]
[BlackTeam "SV Stuttgart-Wolfbusch 1956"]
[PlyCount "95"]
[WhiteFideId "12924199"]
[BlackFideId "12989746"]
[EventCountry "GER"]
[EventRounds "7"]
[EventType "team-swiss"]
[EventDate "2015.12.26"]

1. d4 Nf6 2. e3 g6 3. Be2 Bg7 4. Nf3 d6 5. O-O O-O 6. c4 Nbd7 7. Qc2 e5 8. dxe5
dxe5 9. Nc3 b6 10. Rd1 Re8 11. e4 Bb7 12. Bg5 c5 13. Qa4 Qc7 14. Rd2 Bc6 15.
Qc2 Qb7 16. Rad1 Nf8 17. Nd5 N8d7 18. b3 a6 19. Bxf6 Nxf6 20. Nxf6+ Bxf6 21.
Bd3 Bg7 22. Qb1 f5 23. Re1 Rad8 24. Bc2 Rxd2 25. Nxd2 b5 26. f3 Rd8 27. Re2 Bh6
28. Qe1 Qd7 29. Nf1 f4 30. Qa5 Bb7 31. Rd2 Qe7 32. Qxd8+ Kf7 33. Rd7 Bg5 34.
Rxe7+ Bxe7 35. Qd7 Kf8 36. Qxb7 bxc4 37. bxc4 a5 38. Ba4 Kf7 39. Qd5+ Kf6 40.
Nd2 h6 41. Nb3 g5 42. Nxc5 Kg6 43. Qe6+ Bf6 44. Be8+ Kg7 45. Qf7+ Kh8 46. Qxf6+
Kg8 47. Ne6 Kh7 48. Qg7# 1-0

[Event "DVM U20w 2015"]
[Site "Osnabrück GER"]
[Date "2015.12.27"]
[Round "1"]
[White "Wiesner, Paula"]
[Black "Schumann, Rabea"]
[Result "1-0"]
[Termination "normal"]
[Board "4.1"]
[WhiteElo "2029"]
[BlackElo "1838"]
[WhiteTeam "Karlsruher SF 1853"]
[BlackTeam "SG Güstrow/Teterow"]
[PlyCount "73"]
[WhiteFideId "24654019"]
[BlackFideId "12918199"]
[EventCountry "GER"]
[EventRounds "7"]
[EventType "team-swiss"]
[EventDate "2015.12.26"]

1. d4 d5 2. c4 e6 3. Nc3 Be7 4. cxd5 exd5 5. Bf4 c6 6. Qc2 Nf6 7. e3 Nbd7 8.
Bd3 O-O 9. Nf3 Re8 10. O-O-O Nf8 11. h4 Bg4 12. Rdg1 Rc8 13. Ne5 c5 14. Nxg4
Nxg4 15. Bf5 cxd4 16. Bxc8 Qxc8 17. exd4 Ne6 18. Be3 Qc6 19. Qa4 Qxa4 20. Nxa4
Rc8+ 21. Kb1 Nxd4 22. Bxd4 Rc4 23. Rd1 Rxa4 24. f3 Nf6 25. Bxf6 Bxf6 26. Rxd5
Rxh4 27. Rxh4 Bxh4 28. Rd7 g6 29. Rxb7 Bf2 30. Kc2 Kg7 31. Kd3 Kf6 32. b4 h5
33. a4 g5 34. b5 Ke6 35. a5 f5 36. b6 axb6 37. a6 1-0

[Event "DVM U20w 2015"]
[Site "Osnabrück GER"]
[Date "2015.12.27"]
[Round "1"]
[White "Zoll, Cindy"]
[Black "Mangei, Jasmin"]
[Result "0-1"]
[Termination "normal"]
[Board "4.2"]
[WhiteElo "1272"]
[BlackElo "1890"]
[WhiteTeam "SG Güstrow/Teterow"]
[BlackTeam "Karlsruher SF 1853"]
[PlyCount "66"]
[WhiteFideId "12964638"]
[BlackFideId "12951803"]
[EventCountry "GER"]
[EventRounds "7"]
[EventType "team-swiss"]
[EventDate "2015.12.26"]

1. e4 e5 2. Nf3 Nc6 3. Bc4 Bc5 4. c3 Nf6 5. d4 exd4 6. cxd4 Bb4+ 7. Bd2 Bxd2+
8. Nbxd2 d5 9. exd5 Nxd5 10. O-O O-O 11. Ne5 Nce7 12. Ndf3 c6 13. Bd3 Qb6 14.
b3 Nf5 15. Be4 Nc3 16. Qd3 Nxe4 17. Qxe4 Be6 18. Rad1 Rad8 19. Rfe1 Nd6 20. Qe3
Rfe8 21. Qf4 Qa5 22. Re2 f6 23. Nd3 Nb5 24. Rc2 Bd5 25. Nc5 Bxf3 26. gxf3 Re1+
27. Rxe1 Qxe1+ 28. Kg2 b6 29. Nd3 Qe8 30. Rc4 Qg6+ 31. Qg4 Qxd3 32. Rxc6 Qg6
33. Qxg6 hxg6 0-1

[Event "DVM U20w 2015"]
[Site "Osnabrück GER"]
[Date "2015.12.27"]
[Round "1"]
[White "Wang, Yanru"]
[Black "Jörs, Pia-Milena"]
[Result "0-1"]
[Termination "normal"]
[Board "4.3"]
[WhiteElo "1490"]
[BlackElo "1565"]
[WhiteTeam "Karlsruher SF 1853"]
[BlackTeam "SG Güstrow/Teterow"]
[PlyCount "62"]
[WhiteFideId "12929328"]
[BlackFideId "12964646"]
[EventCountry "GER"]
[EventRounds "7"]
[EventType "team-swiss"]
[EventDate "2015.12.26"]

1. f4 d5 2. b3 Nf6 3. Bb2 e6 4. Nf3 c5 5. e3 Bd6 6. Be2 Nc6 7. O-O Bd7 8. Ne5
Qc7 9. Nxd7 Qxd7 10. d3 O-O-O 11. Nd2 Rhg8 12. Nf3 Ne8 13. c4 f6 14. Qc1 Qe7
15. a3 g5 16. fxg5 fxg5 17. cxd5 exd5 18. b4 g4 19. Ne1 h5 20. bxc5 Bxc5 21. d4
Bd6 22. Bb5 Qc7 23. g3 h4 24. Ng2 hxg3 25. hxg3 Bxg3 26. Nf4 Qh7 27. Qd2 Rh8
28. Qg2 Qh2+ 29. Qxh2 Rxh2 30. Bc3 Nd6 31. Be2 Rg8 0-1

[Event "DVM U20w 2015"]
[Site "Osnabrück GER"]
[Date "2015.12.27"]
[Round "1"]
[White "Eulitz, Charlotte"]
[Black "Bykov, Ilona"]
[Result "0-1"]
[Termination "normal"]
[Board "4.4"]
[WhiteElo "1457"]
[BlackElo "1257"]
[WhiteTeam "SG Güstrow/Teterow"]
[BlackTeam "Karlsruher SF 1853"]
[PlyCount "206"]
[WhiteFideId "12964654"]
[BlackFideId "12964433"]
[EventCountry "GER"]
[EventRounds "7"]
[EventType "team-swiss"]
[EventDate "2015.12.26"]

1. e4 e5 2. Nf3 Nc6 3. Bc4 Bc5 4. c3 Qe7 5. d3 d6 6. h3 Nf6 7. Be3 Bb6 8. Nbd2
O-O 9. O-O h6 10. Qc2 Nh5 11. d4 Kh7 12. Rfe1 f5 13. exf5 Bxf5 14. Bd3 Bxd3 15.
Qxd3+ Kh8 16. dxe5 Nxe5 17. Nxe5 dxe5 18. Bxb6 cxb6 19. Nf3 Qc7 20. Nxe5 Rfd8
21. Qf5 Nf6 22. Ng6+ Kg8 23. Re7 Qc6 24. Nf4 Kf8 25. Rae1 Re8 26. R7e6 Qc7 27.
Nd5 Qf7 28. Ne7 Rad8 29. Ng6+ Kg8 30. Re7 Rxe7 31. Nxe7+ Kf8 32. Ng6+ Kg8 33.
a3 Rd2 34. Qc8+ Kh7 35. Nf8+ Kh8 36. Nd7+ Kh7 37. Ne5 Qd5 38. Nc4 Rd3 39. Re5
Rd1+ 40. Kh2 Qf7 41. Qf5+ g6 42. Qf4 Rd8 43. Ne3 Qg7 44. Qb4 Rd7 45. Re6 Qf7
46. Qc4 b5 47. Qb3 Kg7 48. Nc2 Ne4 49. Nd4 Nc5 50. Rxg6+ Qxg6 51. Qxb5 Qd6+ 52.
g3 Rf7 53. f3 Ne6 54. Nf5+ Rxf5 55. Qxf5 Qd2+ 56. Kg1 Qc1+ 57. Kg2 Qxb2+ 58.
Kg1 Qb6+ 59. Kf1 Qd6 60. Qg4+ Kf8 61. Qf5+ Ke7 62. Qh7+ Ke8 63. Qxh6 Qd3+ 64.
Ke1 Nf8 65. Qh5+ Qg6 66. Qb5+ Qc6 67. Qh5+ Qg6 68. Qb5+ Qc6 69. Qh5+ Ng6 70. c4
a6 71. a4 Qe6+ 72. Kf2 Qb6+ 73. Ke2 Qb2+ 74. Kd3 Qb3+ 75. Kd4 Qd1+ 76. Kc5 Qg1+
77. Kb4 Qxg3 78. Qf5 Qe1+ 79. Ka3 Qc3+ 80. Ka2 Qxc4+ 81. Kb2 Qb4+ 82. Kc1 Qa3+
83. Kb1 Qb4+ 84. Kc1 Qf4+ 85. Qxf4 Nxf4 86. h4 Kd7 87. Kb2 Kc6 88. Kb3 Kc5 89.
Kc3 b5 90. axb5 axb5 91. Kb3 b4 92. Kb2 Kc4 93. Kc2 b3+ 94. Kb2 Kb4 95. Kb1 Kc3
96. Kc1 b2+ 97. Kb1 Nh5 98. f4 Nxf4 99. h5 Nxh5 100. Ka2 Kc2 101. Ka3 b1=Q 102.
Ka4 Qb6 103. Ka3 Qb3# 0-1

[Event "DVM U20w 2015"]
[Site "Osnabrück GER"]
[Date "2015.12.27"]
[Round "1"]
[White "Leinemann, Vivien Sophie"]
[Black "Peters, Theresa"]
[Result "0-1"]
[Termination "normal"]
[Board "5.1"]
[WhiteElo "1635"]
[BlackElo "1722"]
[WhiteTeam "Hamburger SK von 1830"]
[BlackTeam "SV 1919 Grimma"]
[PlyCount "60"]
[WhiteFideId "16208536"]
[BlackFideId "12952192"]
[EventCountry "GER"]
[EventRounds "7"]
[EventType "team-swiss"]
[EventDate "2015.12.26"]

1. e4 c5 2. Nf3 e6 3. d4 cxd4 4. Nxd4 a6 5. c4 Nf6 6. Nc3 Qc7 7. a3 Nc6 8. Be3
b6 9. Be2 Bb7 10. f3 Nh5 11. b4 Nf4 12. O-O Bd6 13. Kh1 Nxe2 14. Ndxe2 Ne5 15.
Bf4 Nxc4 16. Bxd6 Qxd6 17. Qxd6 Nxd6 18. Rfd1 Nc4 19. Rd4 Ne5 20. Rad1 Bc6 21.
Ng3 O-O 22. a4 b5 23. a5 Nc4 24. f4 Ne3 25. R1d2 f5 26. Re2 Ng4 27. h3 Nh6 28.
Rf2 Rf7 29. Nce2 fxe4 30. Nxe4 Rf5 0-1

[Event "DVM U20w 2015"]
[Site "Osnabrück GER"]
[Date "2015.12.27"]
[Round "1"]
[White "Reich, Kristina"]
[Black "Könze, Heike"]
[Result "1/2-1/2"]
[Termination "normal"]
[Board "5.3"]
[WhiteElo "1636"]
[BlackElo "1639"]
[WhiteTeam "Hamburger SK von 1830"]
[BlackTeam "SV 1919 Grimma"]
[PlyCount "120"]
[WhiteFideId "12964719"]
[BlackFideId "12964476"]
[EventCountry "GER"]
[EventRounds "7"]
[EventType "team-swiss"]
[EventDate "2015.12.26"]

1. e4 c5 2. Nf3 d6 3. d4 cxd4 4. Nxd4 Nf6 5. Nc3 a6 6. Be2 e5 7. Nb3 Be6 8. O-O
Be7 9. f4 Qb6+ 10. Kh1 O-O 11. Qe1 Nc6 12. Qg3 Kh8 13. Be3 Qc7 14. Bf3 Nb4 15.
Rac1 Bc4 16. Rfd1 b5 17. a3 Nc6 18. Nd2 exf4 19. Bxf4 Ne5 20. Bxe5 dxe5 21.
Nxc4 bxc4 22. Nd5 Nxd5 23. Rxd5 f6 24. c3 Rab8 25. Rc2 Rfd8 26. Rdd2 Bxa3 27.
Qf2 Bc5 28. Qe2 Qa5 29. h3 Qa2 30. Rxd8+ Rxd8 31. b4 Qb1+ 32. Kh2 Bg1+ 33. Kg3
Rd3 34. Rd2 Be3 35. Qxe3 h6 36. Rxd3 cxd3 37. Qd2 Qc2 38. Qe1 d2 39. Qd1 Qxc3
40. Qb1 Qe3 41. Kh2 Qf4+ 42. Kh1 Qe3 43. Qc2 Qe1+ 44. Kh2 Kh7 45. Qd3 Kh8 46.
Qe2 Kh7 47. Qd1 Kh8 48. Qb3 Kh7 49. Qc2 Kh8 50. Qc8+ Kh7 51. Qf5+ Kh8 52. Qd7
Kg8 53. Bh5 Qxe4 54. Qxd2 Kh8 55. Qd8+ Kh7 56. Qd6 Qf4+ 57. Kh1 Qf1+ 58. Kh2
Qf4+ 59. Kh1 Qf1+ 60. Kh2 Qf4+ 1/2-1/2

[Event "DVM U20w 2015"]
[Site "Osnabrück GER"]
[Date "2015.12.27"]
[Round "1"]
[White "Hagenbeck-Hübert, Lara"]
[Black "G., Diana"]
[Result "1-0"]
[Termination "normal"]
[Board "5.4"]
[WhiteElo "1520"]
[BlackElo "1328"]
[WhiteTeam "SV 1919 Grimma"]
[BlackTeam "Hamburger SK von 1830"]
[PlyCount "69"]
[WhiteFideId "12964484"]
[BlackFideId "12964700"]
[EventCountry "GER"]
[EventRounds "7"]
[EventType "team-swiss"]
[EventDate "2015.12.26"]

1. d4 Nf6 2. Nf3 g6 3. Bf4 Bg7 4. e3 O-O 5. Be2 d6 6. h3 c5 7. Nc3 b6 8. O-O
Bb7 9. Qd2 Nbd7 10. Bh2 a6 11. a4 Ra7 12. d5 Qa8 13. e4 Ne5 14. Nxe5 dxe5 15.
Bd3 Rd8 16. Rfe1 Ne8 17. Qe3 Nd6 18. b3 f5 19. f3 Rf8 20. Rad1 Qc8 21. Bc4 a5
22. Nb5 Ra8 23. exf5 Qxf5 24. Bxe5 Nxc4 25. bxc4 Bxe5 26. Qxe5 Qxe5 27. Rxe5
Rf7 28. Rde1 Kf8 29. Re6 Bc8 30. Rxb6 Bf5 31. Re2 Bd7 32. Rb7 Bxb5 33. Rxb5 Rf4
34. Re4 Rf6 35. Rxc5 1-0